[Event "Portugal Open 2018"]
[Site "Lisboa POR"]
[Date "2018.02.04"]
[Round "4.24"]
[White "Warakomski, Tomasz"]
[Black "Dias, Ricardo Pedro Cruz"]
[Result "1-0"]
[BlackElo "2162"]
[WhiteElo "2517"]
[LiveChessVersion "1.4.8"]

1. e4 {[%clk 1:30:58]} e5 {[%clk 1:30:55]} 2. Nf3 {[%clk 1:31:17]} Nc6
{[%clk 1:31:19]} 3. Nc3 {[%clk 1:30:38]} Nf6 {[%clk 1:31:42]} 4. a3
{[%clk 1:31:05]} Bc5 {[%clk 1:28:33]} 5. Nxe5 {[%clk 1:31:28]} Nxe5
{[%clk 1:28:38]} 6. d4 {[%clk 1:31:54]} Bxd4 {[%clk 1:26:58]} 7. Qxd4
{[%clk 1:32:17]} d6 {[%clk 1:08:29]} 8. Bg5 {[%clk 1:29:03]} h6 {[%clk 1:08:34]}
9. Bh4 {[%clk 1:29:10]} Nc6 {[%clk 1:00:58]} 10. Qd2 {[%clk 1:25:00]} g5
{[%clk 0:59:27]} 11. Bg3 {[%clk 1:25:26]} Qe7 {[%clk 0:59:16]} 12. O-O-O
{[%clk 1:25:10]} Bd7 {[%clk 0:47:40]} 13. h4 {[%clk 1:16:01]} g4 {[%clk 0:43:01]}
14. h5 {[%clk 1:04:41]} O-O-O {[%clk 0:38:08]} 15. f3 {[%clk 1:05:05]} Rdg8
{[%clk 0:22:28]} 16. Bf4 {[%clk 1:04:39]} Qe6 {[%clk 0:21:52]} 17. Kb1
{[%clk 1:01:43]} Ne5 {[%clk 0:20:15]} 18. Qe3 {[%clk 0:58:46]} Kb8
{[%clk 0:20:25]} 19. Ne2 {[%clk 0:59:09]} Nc6 {[%clk 0:18:31]} 20. Nd4
{[%clk 0:51:54]} Nxd4 {[%clk 0:15:08]} 21. Qxd4 {[%clk 0:52:21]} Bc6
{[%clk 0:13:26]} 22. Bc4 {[%clk 0:50:34]} Qe7 {[%clk 0:13:54]} 23. e5
{[%clk 0:49:26]} dxe5 {[%clk 0:14:02]} 24. Bxe5 {[%clk 0:49:23]} Rd8
{[%clk 0:14:04]} 25. Qc3 {[%clk 0:49:41]} 1-0

[Event "Portugal Open 2018"]
[Site "Lisboa POR"]
[Date "2018.02.04"]
[Round "4.25"]
[White "Nagy, Gabor"]
[Black "Fernandez Lledo, Javier"]
[Result "1-0"]
[BlackElo "2207"]
[WhiteElo "2469"]
[LiveChessVersion "1.4.8"]

1. e4 {[%clk 1:30:56]} c5 {[%clk 1:26:44]} 2. Nf3 {[%clk 1:31:17]} e6
{[%clk 1:27:07]} 3. Nc3 {[%clk 1:31:39]} Nc6 {[%clk 1:27:32]} 4. d4
{[%clk 1:31:59]} cxd4 {[%clk 1:27:57]} 5. Nxd4 {[%clk 1:32:21]} Qc7
{[%clk 1:28:23]} 6. Be3 {[%clk 1:32:36]} Nf6 {[%clk 1:28:43]} 7. Qf3
{[%clk 1:32:49]} a6 {[%clk 1:28:44]} 8. O-O-O {[%clk 1:32:49]} Ne5
{[%clk 1:25:49]} 9. Qg3 {[%clk 1:32:19]} b5 {[%clk 1:26:15]} 10. f4
{[%clk 1:32:42]} Neg4 {[%clk 1:25:50]} 11. Bg1 {[%clk 1:33:04]} b4
{[%clk 1:26:14]} 12. Na4 {[%clk 1:33:30]} Nh6 {[%clk 1:26:38]} 13. Qe3
{[%clk 1:33:47]} Bb7 {[%clk 1:25:09]} 14. Bd3 {[%clk 1:34:06]} d5
{[%clk 1:24:28]} 15. e5 {[%clk 1:34:03]} Ne4 {[%clk 1:24:08]} 16. Bxe4
{[%clk 1:34:26]} dxe4 {[%clk 1:24:33]} 17. h3 {[%clk 1:32:39]} Rc8
{[%clk 1:22:00]} 18. g4 {[%clk 1:30:59]} g5 {[%clk 1:17:12]} 19. Bh2
{[%clk 1:19:51]} gxf4 {[%clk 1:10:03]} 20. Qxf4 {[%clk 1:20:09]} Bg7
{[%clk 1:09:20]} 21. Kb1 {[%clk 1:18:23]} O-O {[%clk 1:07:38]} 22. Qc1
{[%clk 1:15:52]} Kh8 {[%clk 1:04:39]} 23. Nb3 {[%clk 1:15:53]} e3
{[%clk 0:50:27]} 24. Rhe1 {[%clk 1:15:53]} Bf3 {[%clk 0:43:06]} 25. Rd6
{[%clk 1:15:18]} Bxg4 {[%clk 0:42:19]} 26. hxg4 {[%clk 1:15:32]} Nxg4
{[%clk 0:42:46]} 27. Bf4 {[%clk 1:15:22]} Nxe5 {[%clk 0:36:25]} 28. Rd4
{[%clk 1:13:00]} Qc6 {[%clk 0:31:43]} 29. Bxe5 {[%clk 1:13:14]} Bxe5
{[%clk 0:32:06]} 30. Rxb4 {[%clk 1:13:34]} Rfd8 {[%clk 0:24:59]} 31. Rxe3
{[%clk 1:13:35]} Qd6 {[%clk 0:22:15]} 32. a3 {[%clk 1:09:23]} Bf4
{[%clk 0:21:50]} 33. Nc3 {[%clk 1:09:46]} Bxe3 {[%clk 0:18:29]} 34. Qxe3
{[%clk 1:10:04]} Qh2 {[%clk 0:14:39]} 35. Rf4 {[%clk 1:08:46]} Qh5
{[%clk 0:14:37]} 36. Ka2 {[%clk 1:08:39]} e5 {[%clk 0:13:58]} 37. Rf2
{[%clk 1:07:39]} Rc6 {[%clk 0:12:30]} 38. Ne4 {[%clk 1:07:29]} f5
{[%clk 0:10:15]} 39. Ng5 {[%clk 1:06:23]} e4 {[%clk 0:04:20]} 40. Rxf5
{[%clk 1:06:33]} Qg6 {[%clk 0:04:46]} 41. Nf7+ {[%clk 1:06:52]} 1-0

[Event "Portugal Open 2018"]
[Site "Lisboa POR"]
[Date "2018.02.04"]
[Round "4.26"]
[White "Sahin, Ozgun"]
[Black "Sandalakis, Angelos"]
[Result "0-1"]
[BlackElo "2448"]
[WhiteElo "2195"]
[LiveChessVersion "1.4.8"]

1. e4 {[%clk 1:28:29]} d5 {[%clk 1:30:39]} 2. exd5 {[%clk 1:28:52]} Qxd5
{[%clk 1:31:05]} 3. Nf3 {[%clk 1:29:12]} Bg4 {[%clk 1:31:30]} 4. Be2
{[%clk 1:29:39]} Nc6 {[%clk 1:31:51]} 5. O-O {[%clk 1:29:51]} O-O-O
{[%clk 1:29:30]} 6. Nc3 {[%clk 1:29:54]} Qd7 {[%clk 1:29:45]} 7. d3
{[%clk 1:29:05]} e5 {[%clk 1:29:16]} 8. h3 {[%clk 1:27:36]} Bf5 {[%clk 1:28:48]}
9. Be3 {[%clk 1:27:29]} h6 {[%clk 1:26:04]} 10. Ne4 {[%clk 1:18:42]} Qe8
{[%clk 1:21:38]} 11. Qe1 {[%clk 1:16:23]} Bh7 {[%clk 1:17:50]} 12. Nc5
{[%clk 1:06:36]} f5 {[%clk 1:09:03]} 13. b4 {[%clk 1:02:27]} f4 {[%clk 1:06:32]}
14. Bc1 {[%clk 0:57:43]} Nf6 {[%clk 1:04:58]} 15. Bb2 {[%clk 0:55:53]} Bd6
{[%clk 0:40:51]} 16. b5 {[%clk 0:49:44]} Nb8 {[%clk 0:36:27]} 17. Nb3
{[%clk 0:47:26]} Nbd7 {[%clk 0:30:50]} 18. Qa5 {[%clk 0:41:23]} Kb8
{[%clk 0:31:13]} 19. c4 {[%clk 0:40:52]} Qe7 {[%clk 0:28:10]} 20. a3
{[%clk 0:37:09]} g5 {[%clk 0:25:32]} 21. Rfc1 {[%clk 0:32:36]} g4
{[%clk 0:24:30]} 22. c5 {[%clk 0:30:44]} Nxc5 {[%clk 0:15:01]} 23. Nxc5
{[%clk 0:30:51]} gxf3 {[%clk 0:12:53]} 24. Na6+ {[%clk 0:29:29]} bxa6
{[%clk 0:12:39]} 25. Bxf3 {[%clk 0:29:47]} Bxd3 {[%clk 0:12:04]} 26. bxa6
{[%clk 0:29:04]} Qe6 {[%clk 0:02:43]} 27. Rc3 {[%clk 0:20:46]} Bc4
{[%clk 0:01:45]} 28. Bc6 {[%clk 0:17:34]} Nd7 {[%clk 0:02:13]} 29. Bxd7
{[%clk 0:09:25]} Rxd7 {[%clk 0:02:42]} 30. Qa4 {[%clk 0:08:05]} Bd5
{[%clk 0:03:04]} 31. Rc6 {[%clk 0:04:56]} Ka8 {[%clk 0:02:08]} 32. Re1
{[%clk 0:03:24]} Qg6 {[%clk 0:02:01]} 33. f3 {[%clk 0:03:17]} Rg7
{[%clk 0:01:36]} 34. Rc2 {[%clk 0:03:43]} Bxf3 {[%clk 0:01:28]} 35. Bxe5
{[%clk 0:03:53]} Bxe5 {[%clk 0:01:37]} 36. Rxe5 {[%clk 0:04:20]} Bxg2
{[%clk 0:01:33]} 0-1

[Event "Portugal Open 2018"]
[Site "Lisboa POR"]
[Date "2018.02.04"]
[Round "4.27"]
[White "Pein, Jonathan Avi"]
[Black "Ortega Amarelle, Mariano"]
[Result "0-1"]
[BlackElo "2447"]
[WhiteElo "2177"]
[LiveChessVersion "1.4.8"]

1. b3 {[%clk 1:28:50]} d5 {[%clk 1:30:30]} 2. Bb2 {[%clk 1:29:14]} c6
{[%clk 1:30:48]} 3. e3 {[%clk 1:29:04]} Bf5 {[%clk 1:30:48]} 4. Nf3
{[%clk 1:29:10]} e6 {[%clk 1:30:44]} 5. g3 {[%clk 1:27:10]} h6 {[%clk 1:30:11]}
6. Bg2 {[%clk 1:27:30]} Nf6 {[%clk 1:29:04]} 7. O-O {[%clk 1:27:36]} Be7
{[%clk 1:26:55]} 8. d3 {[%clk 1:27:13]} O-O {[%clk 1:26:59]} 9. Nbd2
{[%clk 1:27:13]} Nfd7 {[%clk 1:20:01]} 10. e4 {[%clk 1:25:31]} Bh7
{[%clk 1:18:51]} 11. Ne5 {[%clk 1:14:06]} Nxe5 {[%clk 1:06:58]} 12. Bxe5
{[%clk 1:14:28]} Nd7 {[%clk 1:06:53]} 13. Bb2 {[%clk 1:13:57]} Bf6
{[%clk 1:01:38]} 14. Qc1 {[%clk 1:12:44]} Qa5 {[%clk 0:58:23]} 15. Rd1
{[%clk 1:04:58]} Rfd8 {[%clk 0:52:57]} 16. a3 {[%clk 1:03:29]} Qb6
{[%clk 0:40:16]} 17. Bxf6 {[%clk 0:59:17]} Nxf6 {[%clk 0:40:40]} 18. Qb2
{[%clk 0:59:32]} dxe4 {[%clk 0:29:56]} 19. Nxe4 {[%clk 0:57:37]} Bxe4
{[%clk 0:29:50]} 20. Bxe4 {[%clk 0:53:57]} Nxe4 {[%clk 0:23:11]} 21. dxe4
{[%clk 0:54:24]} Qc5 {[%clk 0:23:36]} 22. Kg2 {[%clk 0:51:20]} Qe7
{[%clk 0:12:59]} 23. a4 {[%clk 0:43:24]} Rd7 {[%clk 0:12:12]} 24. Qc3
{[%clk 0:39:10]} Rad8 {[%clk 0:12:10]} 25. Qf3 {[%clk 0:38:05]} Qb4
{[%clk 0:09:41]} 26. c4 {[%clk 0:29:19]} Rd2 {[%clk 0:07:19]} 27. Kf1
{[%clk 0:27:59]} a5 {[%clk 0:04:58]} 28. Rxd2 {[%clk 0:26:15]} Qxd2
{[%clk 0:05:26]} 29. Qe2 {[%clk 0:22:41]} Qd4 {[%clk 0:05:52]} 30. Rc1
{[%clk 0:21:45]} e5 {[%clk 0:03:49]} 31. Ke1 {[%clk 0:19:05]} Kf8
{[%clk 0:04:08]} 32. Rd1 {[%clk 0:17:56]} Qc3+ {[%clk 0:04:34]} 33. Rd2
{[%clk 0:13:37]} Rd4 {[%clk 0:03:40]} 34. Qe3 {[%clk 0:10:24]} Qa1+
{[%clk 0:02:19]} 35. Ke2 {[%clk 0:10:45]} c5 {[%clk 0:02:35]} 36. Rxd4
{[%clk 0:09:27]} cxd4 {[%clk 0:02:41]} 37. Qd2 {[%clk 0:08:18]} Qb1
{[%clk 0:01:59]} 38. Qxa5 {[%clk 0:06:06]} Qxe4+ {[%clk 0:02:25]} 39. Kd2
{[%clk 0:05:14]} g6 {[%clk 0:02:54]} 40. Qd5 {[%clk 0:04:14]} Qxd5
{[%clk 0:02:07]} 41. cxd5 {[%clk 0:04:43]} e4 {[%clk 0:02:31]} 42. b4
{[%clk 0:02:51]} Ke7 {[%clk 0:02:59]} 43. a5 {[%clk 0:03:11]} Kd6
{[%clk 0:03:24]} 44. b5 {[%clk 0:03:27]} Kxd5 {[%clk 0:03:46]} 45. a6
{[%clk 0:03:32]} bxa6 {[%clk 0:04:09]} 46. bxa6 {[%clk 0:03:59]} Kc6
{[%clk 0:04:33]} 0-1

[Event "Portugal Open 2018"]
[Site "Lisboa POR"]
[Date "2018.02.04"]
[Round "4.28"]
[White "Damaso, Rui"]
[Black "Shamima, Akter"]
[Result "1/2-1/2"]
[BlackElo "2160"]
[WhiteElo "2445"]
[LiveChessVersion "1.4.8"]

1. Nf3 d5 2. d4 Nf6 3. c4 c6 4. Qc2 e6 5. Bg5 Nbd7 6. e3 Qa5+ 7. Nbd2 Ne4 8. cxd5
Nxg5 9. Nxg5 exd5 10. Bd3 Bb4 11. Ngf3 Nf6 12. O-O O-O 13. a3 Bd6 14. b4 Qc7 15.
h3 a6 16. Nb3 Qe7 17. Nfd2 Re8 18. Rfe1 Ne4 19. Nf1 Qh4 20. f3 Ng5 21. Qf2 Qh6
22. Ng3 Bc7 23. f4 Qd6 24. Nc5 b6 25. h4 Nh3+ 26. gxh3 bxc5 27. bxc5 Qh6 28. h5
1/2-1/2

[Event "Portugal Open 2018"]
[Site "Lisboa POR"]
[Date "2018.02.04"]
[Round "4.29"]
[White "Sousa, Ludy Helsio Paulo"]
[Black "Radovanovic, Mihajlo"]
[Result "0-1"]
[BlackElo "2422"]
[WhiteElo "2165"]
[LiveChessVersion "1.4.8"]

1. e4 {[%clk 1:30:44]} c5 {[%clk 1:30:45]} 2. Nf3 {[%clk 1:30:58]} d6
{[%clk 1:31:09]} 3. d4 {[%clk 1:31:21]} cxd4 {[%clk 1:31:34]} 4. Nxd4
{[%clk 1:31:42]} Nf6 {[%clk 1:32:00]} 5. Nc3 {[%clk 1:32:06]} a6 {[%clk 1:32:26]}
6. Bg5 {[%clk 1:32:16]} e6 {[%clk 1:32:45]} 7. f4 {[%clk 1:32:38]} h6
{[%clk 1:33:10]} 8. Bh4 {[%clk 1:32:28]} Be7 {[%clk 1:33:18]} 9. Qf3
{[%clk 1:31:02]} Nc6 {[%clk 1:33:40]} 10. Bf2 {[%clk 1:26:48]} Bd7
{[%clk 1:22:12]} 11. Be2 {[%clk 1:23:33]} Qa5 {[%clk 1:18:09]} 12. Nb3
{[%clk 1:21:33]} Qc7 {[%clk 1:18:22]} 13. g4 {[%clk 1:21:52]} g5 {[%clk 1:17:14]}
14. fxg5 {[%clk 1:11:32]} hxg5 {[%clk 1:17:13]} 15. Be3 {[%clk 1:11:47]} Ne5
{[%clk 1:15:33]} 16. Qg2 {[%clk 1:10:53]} b5 {[%clk 1:13:28]} 17. a3
{[%clk 1:04:33]} Bc6 {[%clk 1:12:08]} 18. Nd4 {[%clk 0:59:29]} Bb7
{[%clk 1:11:43]} 19. O-O-O {[%clk 0:59:48]} Nfd7 {[%clk 1:09:24]} 20. Nf3
{[%clk 0:58:28]} Nxf3 {[%clk 1:08:17]} 21. Qxf3 {[%clk 0:57:19]} Ne5
{[%clk 1:08:33]} 22. Qf2 {[%clk 0:57:44]} Rc8 {[%clk 1:07:43]} 23. Rd2
{[%clk 0:51:27]} Bc6 {[%clk 1:06:29]} 24. h4 {[%clk 0:51:13]} gxh4
{[%clk 1:05:06]} 25. g5 {[%clk 0:51:40]} Ng6 {[%clk 1:03:44]} 26. Bd3
{[%clk 0:45:36]} Rh5 {[%clk 0:52:23]} 27. Qg1 {[%clk 0:40:59]} Qd8
{[%clk 0:48:50]} 28. Rg2 {[%clk 0:31:31]} Bb7 {[%clk 0:48:34]} 29. Rg4
{[%clk 0:28:46]} Bf8 {[%clk 0:45:02]} 30. Kb1 {[%clk 0:25:02]} Bg7
{[%clk 0:41:21]} 31. Ne2 {[%clk 0:25:06]} Be5 {[%clk 0:40:49]} 32. Rh3
{[%clk 0:24:19]} Bc6 {[%clk 0:39:55]} 33. Qf2 {[%clk 0:19:50]} Bd7
{[%clk 0:39:49]} 34. Bb6 {[%clk 0:18:11]} Qe7 {[%clk 0:40:05]} 35. Be3
{[%clk 0:16:45]} Qf8 {[%clk 0:38:26]} 36. Bc1 {[%clk 0:15:02]} Qe7
{[%clk 0:37:53]} 37. Ng1 {[%clk 0:13:13]} Bg7 {[%clk 0:35:32]} 38. Be2
{[%clk 0:13:01]} Rh8 {[%clk 0:34:53]} 39. Rg2 {[%clk 0:12:53]} Be5
{[%clk 0:28:45]} 40. Bg4 {[%clk 0:10:46]} Rc4 {[%clk 0:26:40]} 41. Qe2
{[%clk 0:10:31]} Bf4 {[%clk 0:25:56]} 42. Bh5 {[%clk 0:10:34]} Bxc1
{[%clk 0:25:28]} 43. Bxg6 {[%clk 0:10:54]} Bxg5 {[%clk 0:20:41]} 44. Bh5
{[%clk 0:10:19]} Bc6 {[%clk 0:20:33]} 45. Bf3 {[%clk 0:09:20]} Qf6
{[%clk 0:15:39]} 46. Rg4 {[%clk 0:09:23]} Qe5 {[%clk 0:15:19]} 47. Bg2
{[%clk 0:07:37]} Bf6 {[%clk 0:15:30]} 48. c3 {[%clk 0:07:04]} Ke7
{[%clk 0:14:34]} 49. Ka1 {[%clk 0:05:29]} Qc5 {[%clk 0:12:15]} 50. Qe1
{[%clk 0:03:27]} a5 {[%clk 0:11:33]} 51. Bf1 {[%clk 0:02:13]} Ra4
{[%clk 0:11:19]} 52. Qe3 {[%clk 0:02:08]} 0-1

[Event "Portugal Open 2018"]
[Site "Lisboa POR"]
[Date "2018.02.04"]
[Round "4.30"]
[White "Yurtseven, Melih"]
[Black "Kunz, Andre"]
[Result "1-0"]
[BlackElo "2153"]
[WhiteElo "2415"]
[LiveChessVersion "1.4.8"]

1. c4 e5 2. Nc3 Nf6 3. Nf3 Nc6 4. d4 exd4 5. Nxd4 Bb4 6. Nxc6 bxc6 7. Qc2 O-O 8.
e3 Re8 9. Bd3 h6 10. O-O Ng4 11. Be2 Qh4 12. h3 Ne5 13. a3 Bf8 14. f4 Ng6 15. Bd3
Ne7 16. Bd2 f5 17. c5 d6 18. Qb3+ d5 19. Ne2 Qf6 20. Nd4 Kh8 21. Bc3 Qf7 22. Nf3
Ng8 23. Bd4 Nf6 24. Ne5 Qe6 25. Qd1 Nd7 26. Rc1 Nxe5 27. fxe5 g6 28. g4 Bg7 29.
gxf5 gxf5 30. Qh5 Rf8 31. Kh1 Bd7 32. Rf4 Rf7 33. Rg1 Kh7 34. Rfg4 Be8 35. Bxf5+
Rxf5 36. Qxf5+ Qxf5 37. Rxg7+ Kh8 38. Rg8+ Kh7 39. R1g7# 1-0

[Event "Portugal Open 2018"]
[Site "Lisboa POR"]
[Date "2018.02.04"]
[Round "4.31"]
[White "Reis, Luis Sousa"]
[Black "Bulmaga, Irina"]
[Result "0-1"]
[BlackElo "2411"]
[WhiteElo "2141"]
[LiveChessVersion "1.4.8"]

1. d4 {[%clk 1:25:55]} Nf6 {[%clk 1:30:52]} 2. c4 {[%clk 1:24:26]} e6
{[%clk 1:31:03]} 3. Nc3 {[%clk 1:23:25]} Bb4 {[%clk 1:31:25]} 4. e3
{[%clk 1:21:20]} O-O {[%clk 1:31:45]} 5. Bd3 {[%clk 1:21:31]} d5 {[%clk 1:30:54]}
6. Nf3 {[%clk 1:19:39]} c5 {[%clk 1:31:00]} 7. O-O {[%clk 1:18:25]} cxd4
{[%clk 1:30:19]} 8. exd4 {[%clk 1:18:19]} dxc4 {[%clk 1:29:13]} 9. Bxc4
{[%clk 1:18:40]} b6 {[%clk 1:29:05]} 10. Bg5 {[%clk 1:11:13]} Bb7
{[%clk 1:28:50]} 11. Qe2 {[%clk 1:10:25]} Bxc3 {[%clk 1:25:17]} 12. bxc3
{[%clk 1:10:23]} Nbd7 {[%clk 1:21:40]} 13. Rac1 {[%clk 0:50:50]} Qc7
{[%clk 1:20:14]} 14. Bd3 {[%clk 0:47:51]} h6 {[%clk 1:20:02]} 15. Bh4
{[%clk 0:44:32]} Nh5 {[%clk 1:09:42]} 16. Bg3 {[%clk 0:36:47]} Nxg3
{[%clk 1:09:50]} 17. fxg3 {[%clk 0:36:55]} Rae8 {[%clk 0:59:00]} 18. Ne5
{[%clk 0:20:05]} Nxe5 {[%clk 0:58:46]} 19. dxe5 {[%clk 0:20:25]} Rd8
{[%clk 0:58:24]} 20. c4 {[%clk 0:16:19]} Rd4 {[%clk 0:57:35]} 21. Bb1
{[%clk 0:10:49]} Rfd8 {[%clk 0:57:09]} 22. Rf2 {[%clk 0:11:00]} Qc5
{[%clk 0:53:20]} 0-1

[Event "Portugal Open 2018"]
[Site "Lisboa POR"]
[Date "2018.02.04"]
[Round "4.32"]
[White "Gonzalez Pruneda, Arturo"]
[Black "Luch, Michal"]
[Result "0-1"]
[BlackElo "2396"]
[WhiteElo "2126"]
[LiveChessVersion "1.4.8"]

1. e4 {[%clk 1:30:58]} c5 {[%clk 1:30:56]} 2. Nf3 {[%clk 1:31:24]} e6
{[%clk 1:31:21]} 3. d4 {[%clk 1:31:35]} cxd4 {[%clk 1:31:48]} 4. Nxd4
{[%clk 1:32:02]} Nc6 {[%clk 1:32:16]} 5. Nc3 {[%clk 1:24:36]} Qc7
{[%clk 1:26:35]} 6. Be3 {[%clk 1:22:55]} a6 {[%clk 1:26:30]} 7. Bd3
{[%clk 1:20:53]} Nf6 {[%clk 1:26:53]} 8. O-O {[%clk 1:21:00]} Nxd4
{[%clk 1:26:35]} 9. Bxd4 {[%clk 1:21:27]} Bc5 {[%clk 1:27:00]} 10. Bxc5
{[%clk 1:18:12]} Qxc5 {[%clk 1:27:28]} 11. Qe2 {[%clk 1:18:18]} d6
{[%clk 1:27:14]} 12. Kh1 {[%clk 1:17:46]} e5 {[%clk 1:26:33]} 13. Bc4
{[%clk 1:12:08]} Be6 {[%clk 1:24:27]} 14. Bxe6 {[%clk 1:12:21]} fxe6
{[%clk 1:24:53]} 15. Rad1 {[%clk 1:03:13]} b5 {[%clk 1:23:14]} 16. Qd2
{[%clk 0:52:39]} Rd8 {[%clk 1:21:34]} 17. f4 {[%clk 0:49:08]} O-O
{[%clk 1:15:47]} 18. Rde1 {[%clk 0:42:53]} exf4 {[%clk 1:04:50]} 19. Rxf4
{[%clk 0:38:37]} Rc8 {[%clk 1:05:09]} 20. a3 {[%clk 0:32:11]} Qe5
{[%clk 1:05:34]} 21. Ref1 {[%clk 0:18:03]} Rf7 {[%clk 1:02:53]} 22. R4f3
{[%clk 0:12:53]} Rfc7 {[%clk 0:59:57]} 23. Rg3 {[%clk 0:09:31]} Rf7
{[%clk 0:57:44]} 24. Rd1 {[%clk 0:07:08]} Rcf8 {[%clk 0:53:22]} 25. Qd3
{[%clk 0:01:04]} Nxe4 {[%clk 0:53:02]} 26. Nxe4 {[%clk 0:01:29]} Qxe4
{[%clk 0:53:28]} 27. h3 {[%clk 0:00:37]} Qxd3 {[%clk 0:43:16]} 28. Rgxd3
{[%clk 0:00:47]} d5 29. Rc3 Rf1+ {[%clk 0:41:45]} 30. Rxf1 {[%clk 0:01:16]} Rxf1+
{[%clk 0:42:10]} 31. Kh2 Kf7 32. Rc6 {[%clk 0:01:04]} Rc1 {[%clk 0:41:41]} 33.
Rc7+ {[%clk 0:00:46]} Kf6 34. b3 Ra1 {[%clk 0:40:31]} 0-1